| 000 | 00624nam a2200241 a 4500 | ||
|---|---|---|---|
| 001 | 2558673 | ||
| 003 | SISC | ||
| 005 | 20160303144703.0 | ||
| 008 | 840702c19721962enk 00011 eng d | ||
| 020 | _a0451163966 | ||
| 040 |
_aVIT _cVIT |
||
| 050 |
_aPS 3561 _b.K42 1962 |
||
| 082 |
_aCLA _bK48o 1962 |
||
| 100 | 1 |
_aKesey, Ken. _93288 |
|
| 245 | 1 | 0 |
_aOne flew over the cuckoo's nest / _cKen Kesey. |
| 260 | 0 |
_aNew York : _bPenguin Group, _cc1962. |
|
| 300 |
_a272 p. : _c18 cm. |
||
| 562 | _e1 | ||
| 650 |
_aSmugglers _xFiction. _93289 |
||
| 942 |
_2lcc _cBK |
||
| 999 |
_c7509 _d7509 |
||